Синтез и физико-механические свойства металломатричных композитов Al-углеродные нанотрубки; Новые материалы. Создание, структура, свойства - 2013

গ্রন্থ-পঞ্জীর বিবরন
Parent link:Новые материалы. Создание, структура, свойства - 2013.— 2013.— [С. 160-164]
প্রধান লেখক: Хрусталев А. П.
অন্যান্য লেখক: Ворожцов С. А.
সংক্ষিপ্ত:Заглавие с экрана
ভাষা:রুশ
প্রকাশিত: 2013
মালা:Перспективные материалы и технологии в машиностроении
বিষয়গুলি:
অনলাইন ব্যবহার করুন:http://www.lib.tpu.ru/fulltext/c/2013/C39/039.pdf
বিন্যাস: বৈদ্যুতিক গ্রন্থের অধ্যায়
KOHA link:https://koha.lib.tpu.ru/cgi-bin/koha/opac-detail.pl?biblionumber=603502

MARC

LEADER 00000naa2a2200000 4500
001 603502
005 20260209163031.0
035 |a (RuTPU)RU\TPU\conf\696 
035 |a RU\TPU\conf\693 
090 |a 603502 
100 |a 20140121d2013 k y0rusy50 ca 
101 0 |a rus 
102 |a RU 
135 |a drcn ---uucaa 
181 0 |a i  
182 0 |a b 
200 1 |a Синтез и физико-механические свойства металломатричных композитов Al-углеродные нанотрубки  |f А. П. Хрусталев, С. А. Ворожцов 
203 |a Текст  |c электронный 
215 |a 1 файл(571 Kb) 
225 1 |a Перспективные материалы и технологии в машиностроении 
300 |a Заглавие с экрана 
320 |a [Библиогр.: с. 164 (6 назв.)] 
337 |a Adobe Reader 
463 1 |0 (RuTPU)RU\TPU\conf\36  |t Новые материалы. Создание, структура, свойства - 2013  |o XIII Всероссийская школа-семинар с международным участием, г. Томск, 9-13 сентября 2013 г.  |f Национальный исследовательский Томский политехнический университет (ТПУ)  |o сборник трудов  |v [С. 160-164]  |d 2013 
610 1 |a электронный ресурс 
610 1 |a труды учёных ТПУ 
610 1 |a синтез 
610 1 |a физико-механические свойства 
610 1 |a металломатричные композиты 
610 1 |a углеродные нанотрубки 
610 1 |a алюминий 
700 1 |a Хрусталев  |b А. П. 
701 1 |a Ворожцов  |b С. А. 
801 1 |a RU  |b 63413507  |c 20101016 
801 2 |a RU  |b 63413507  |c 20140415  |g RCR 
856 4 |u http://www.lib.tpu.ru/fulltext/c/2013/C39/039.pdf 
942 |c CF